000 00524nam a2200157 i 4500
001 94889
003 ES-MaACL
005 20230906181558.0
007 t|
008 050517s1970 sp ||||1| spa d
100 1 _aLozano Teruel, José Antonio.
_974470
245 1 0 _aEnzimas responsables del oscurecimiento de albaricoque, melocoton y alcachofa /
_cJosé Antonio Lozano Teruel.
260 _aMurcia :
_bDiputación de Murcia,
_c1970.
300 _a90 p., 2 gráf. :
_bil. ;
_c21 cm.
852 _aES-MaACL
_jC-45699
_bR.73510
999 _c94889
_d94889